Migliori marcatori della Champions League - Morte improvvisa - Statistics

Statistiche generali
  • Questo quiz è stato fatto 642 volte
    134 dall'ultimo reset
  • Il punteggio medio è 6 su 22
Answers on the Grid
Answers color-coded by a green-red scale on the quiz's grid according to % correct below.
Cristiano Ronaldo
Lionel Messi
Robert Lewandowski
Karim Benzema
Raúl
Ruud van Nistelrooy
Thomas Müller
Kylian Mbappé
Thierry Henry
Erling Haaland
Alfredo Di Stéfano
Andriy Shevchenko
Zlatan Ibrahimović
Mohamed Salah
Eusebio
Filippo Inzaghi
Didier Drogba
Neymar
Alessandro Del Piero
Antoine Griezmann
Harry Kane
Sergio Agüero
Ferenc Puskás
Edinson Cavani
Gerd Müller
Fernando Morientes
Arjen Robben
Samuel Eto'o
Wayne Rooney
Kaká
Francisco Gento
David Trezeguet
Roy Makaay
Patrick Kluivert
Edin Džeko
Álvaro Morata
Jean-Pierre Papin
Vinícius Júnior
Ryan Giggs
Sadio Mané
Luis Suárez
Rivaldo
 
Statistiche sulle risposte
Risposta % Corretto
Cristiano Ronaldo
58%
Lionel Messi
55%
Robert Lewandowski
49%
Filippo Inzaghi
36%
Karim Benzema
35%
Kylian Mbappé
35%
Erling Haaland
31%
Harry Kane
31%
Zlatan Ibrahimović
31%
Andriy Shevchenko
27%
Mohamed Salah
27%
Raúl
25%
Neymar
24%
Thierry Henry
24%
Thomas Müller
24%
Didier Drogba
22%
Alessandro Del Piero
20%
Ruud van Nistelrooy
18%
Alfredo Di Stéfano
16%
Antoine Griezmann
7%
Eusebio
7%
Sergio Agüero
7%
Nessun quiz corrispondente trovato
Distribuzione punteggi
Percentuale di utenti per punteggio
Percentile per numero di risposta
I tuoi punteggi nel tempo
Non hai fatto questo quiz dall'ultimo reset